000 00929nam a2200241Ia 4500
003 Ost
005 20260507075804.0
008 260507s9999||||xx |||||||||||||| ||und||
020 _a9789947570203
040 _cfsecg
041 _aara
082 _a343.04
100 _aبن زارع، رابح
_eمؤلف
245 0 _aالمسؤولية الجبائية لمسيري الشركات /
_c رابح بن زارع
260 _aالجزائر:
_bدار العلوم للنشر والتوزيع,
_c2014
300 _a198 صفحة؛
_bإيضاحات ؛
_c23 سم
504 _aبيبليوغرافيا: ص ص.189-193
520 _aيتناول نطاق المسؤولية الجبائية لمسيري الشركات، تقرير مسؤولية مسير الشركة جبائيا.
653 _aالشركات
653 _aالضرائب
653 _aالضرائب- قوانين وتشريعات
942 _cكتاب
999 _c46353
_d46353